| 000 | 01522cam a2200433 a 4500 | ||
|---|---|---|---|
| 001 | 8369276 | ||
| 003 | OSt | ||
| 005 | 20220107121933.0 | ||
| 008 | 100504s2011 paua b 001 0 eng | ||
| 010 | _a 2010018984 | ||
| 016 | 7 |
_a101530179 _2DNLM |
|
| 020 | _a9780781798761 (alk. paper) | ||
| 029 | 1 |
_aNLM _b101530179 |
|
| 035 | _a(OCoLC)ocn612189031 | ||
| 035 |
_a(OCoLC)612189031 _z(OCoLC)548651334 |
||
| 035 | _a(NNC)8369276 | ||
| 038 | _akhadija | ||
| 040 |
_aDNLM/DLC _cDLC _dYDX _dBTCTA _dNLM _dYDXCP |
||
| 042 | _apcc | ||
| 050 | 0 | 0 |
_aQP40 _b.C67 2011 |
| 060 | 0 | 0 | _a2010 J-993 |
| 060 | 1 | 0 |
_aQT 18.2 _bC838p 2011 |
| 082 | 0 | 0 |
_a612.0076 _222 _bCOS |
| 100 | 1 |
_aCostanzo, Linda S., _d1947- _981208 |
|
| 245 | 1 | 0 |
_aPhysiology / _cLinda S. Costanzo. |
| 250 | _a5th ed. | ||
| 260 |
_aPhiladelphia : _bWolters Kluwer Health/Lippincott Williams & Wilkins, _cc2011. |
||
| 300 |
_axiii, 314 p. : _bcol. ill. ; _c26 cm. |
||
| 490 | 1 | _aBoard review series | |
| 504 | _aIncludes bibliographical references and index. | ||
| 505 | 0 | _aCell physiology -- Neurophysiology -- Cardiovascular physiology -- Respiratory physiology -- Renal and acid-base physiology -- Gastrointestinal physiology -- Endocrine physiology. | |
| 563 | _aPB | ||
| 650 | 0 |
_aHuman physiology _vExaminations, questions, etc. _987479 |
|
| 650 | 1 | 2 |
_aPhysiological Phenomena _vExamination Questions. _987480 |
| 650 | 2 | 2 |
_aPhysiology _vExamination Questions. _987481 |
| 830 | 0 |
_aBoard review series. _987482 |
|
| 942 |
_2ddc _cBK |
||
| 999 |
_c33016 _d33016 |
||